[Event "AUTO-MASTER-3292"]
[Site "http://www.queenalice.com/game.php?id=1867582"]
[Date "2026.1.7"]
[Round "1"]
[White "rmvwoods"]
[Black "Pin"]
[Result "1/2-1/2"]
[WhiteElo "2031"]
[BlackElo "2015"]

1. e4 c5 2. Nf3 d6 3. Bc4 e6 4. d3 Nc6 5. O-O Nf6 6. Bg5 Be7 7. Nbd2 O-O 8. Re1
Bd7 9. e5 dxe5 10. Nxe5 Nxe5 11. Rxe5 b6 12. Qe2 Bd6 13. Re3 Be7 14. Rg3 Re8 15.
Bh6 Bf8 16. Ne4 Nxe4 17. Qxe4 Rc8 18. Qg4 Qf6 19. Bc1 Qf5 20. Qxf5 exf5 21. Be3
g6 22. Kf1 Bd6 23. Rf3 Bc6 24. Rh3 a5 25. d4 b5 26. dxc5 Be5 27. Bd3 Bxb2 28.
Rb1 Bc3 29. Bf4 b4 30. Bd6 Bd5 31. Bb5 Bxa2 32. Rd1 Re4 33. Rhd3 Bf6 34. Bd7 Rd8
35. Bb5 a4 36. Bxa4 Bc4 37. Bb3 Bxd3+ 38. cxd3 Ree8 39. d4 Ra8 40. g3 Ra3 41.
Bc4 Re4 42. c6 Rxd4 43. Rxd4 Bxd4 44. Bxb4 Ra7 45. Bd6 Bb6 46. Ke2 Bc7 47. Bxc7
Rxc7 48. Bd5 Kf8 49. Kd3 Ke7 50. Kc4 Kd6 51. Bg2 Rxc6+ 52. Bxc6 Kxc6 53. Kd4 Kd6
54. f4 1/2-1/2

[Event "AUTO-MASTER-3292"]
[Site "http://www.queenalice.com/game.php?id=1867583"]
[Date "2026.1.7"]
[Round "1"]
[White "Pin"]
[Black "rmvwoods"]
[Result "0-1"]
[WhiteElo "2062"]
[BlackElo "2047"]

1. e4 e5 2. Nf3 d6 3. d4 Nf6 4. Nc3 Nbd7 5. Bc4 Be7 6. O-O O-O 7. dxe5 Nxe5 8.
Nxe5 dxe5 9. Qe2 a6 10. Bg5 c6 11. Rad1 Qc7 12. f4 Bg4 13. Qe3 Bxd1 14. Rxd1 b6
15. fxe5 Qxe5 16. Bf4 Bc5 17. Bxe5 Bxe3+ 18. Kf1 b5 19. Bxf6 bxc4 20. Bd4 Bg5
21. Bc5 Rfd8 22. Bd6 f6 23. Ke2 Rd7 24. g3 Rad8 25. e5 fxe5 26. Ne4 Bf6 27. Rd2
Kf7 28. Bb4 Rxd2+ 29. Bxd2 Be7 30. Bc3 Rd5 31. Nd2 Bf6 32. Nxc4 e4 33. Bxf6 gxf6
34. Ke3 f5 35. Nd2 Kg6 36. h3 Kg5 37. c4 Rd8 38. Nb3 Rb8 39. Kd2 f4 0-1

[Event "AUTO-MASTER-3287"]
[Site "http://www.queenalice.com/game.php?id=1868211"]
[Date "2026.1.20"]
[Round "2"]
[White "rmvwoods"]
[Black "IranSilva"]
[Result "1-0"]
[WhiteElo "2013"]
[BlackElo "2255"]

1. e4 e5 2. Nf3 Nf6 3. Nxe5 d6 4. Nf3 Nxe4 5. d3 Nf6 6. Bg5 Be7 7. Nbd2 O-O 8.
Be2 Nc6 9. O-O h6 10. Be3 d5 11. h3 Bf5 12. Nd4 Nxd4 13. Bxd4 c5 14. Be3 Bd6 15.
g4 Bg6 16. Nf3 d4 17. Bd2 Nd5 18. c4 Nf4 19. Bxf4 Bxf4 20. Kg2 f5 21. Rh1 fxg4
22. hxg4 Qd7 23. Nh4 Bh7 24. Bf3 Bg5 25. Bd5+ Kh8 26. Rh3 Rf4 27. f3 h5 28. Qe2
hxg4 29. Ng6# 1-0

[Event "AUTO-MASTER-3287"]
[Site "http://www.queenalice.com/game.php?id=1868212"]
[Date "2026.1.20"]
[Round "2"]
[White "IranSilva"]
[Black "rmvwoods"]
[Result "1-0"]
[WhiteElo "2174"]
[BlackElo "2051"]

1. Nf3 d5 2. d4 Nc6 3. Bf4 Bg4 4. e3 e6 5. Be2 Nf6 6. h3 Bf5 7. a3 Bd6 8. Ne5
O-O 9. O-O Nd7 10. Nxc6 bxc6 11. Bxd6 cxd6 12. Nd2 e5 13. Nf3 Qf6 14. c4 dxc4
15. Bxc4 d5 16. Be2 e4 17. Nd2 Qg5 18. Kh2 Rfe8 19. Rc1 Re6 20. Qa4 Rg6 21. Rg1
Qf6 22. f4 Qh4 23. Rxc6 Rg3 24. Bf1 Rxe3 25. Rc7 Nb6 26. Rxa7 Qxf4+ 27. Kh1 Qb8
28. Rxa8 Qxa8 29. Qxa8+ Nxa8 30. Bb5 h6 31. Rc1 Kh7 32. Bc6 Re2 33. Bxa8 Rxd2
34. Bxd5 f6 35. b4 e3 36. Re1 Rd3 37. Bc6 Rxa3 38. b5 Rb3 39. d5 Kg8 40. d6 Kf8
41. Ra1 Be6 42. Ra8+ Bc8 43. Rxc8+ Kf7 44. d7 e2 45. Re8 Rb1+ 46. Kh2 e1=Q 47.
Rxe1 Rxe1 48. d8=Q Re5 49. b6 1-0

[Event "AUTO-MASTER-3287"]
[Site "http://www.queenalice.com/game.php?id=1868215"]
[Date "2026.1.20"]
[Round "2"]
[White "rmvwoods"]
[Black "JailtonMaster"]
[Result "0-1"]
[WhiteElo "2063"]
[BlackElo "2205"]

1. e4 e5 2. Nf3 Nc6 3. Bc4 Nf6 4. d3 Bc5 5. c3 O-O 6. Qe2 d6 7. Be3 Bb6 8. Nbd2
Ng4 9. Bxb6 axb6 10. O-O Kh8 11. h3 Nf6 12. Ng5 Qe7 13. Qe3 Na5 14. b4 Nxc4 15.
Nxc4 h6 16. Nf3 Be6 17. a3 Nd7 18. Ncd2 f5 19. c4 f4 20. Qe2 c6 21. Nh2 d5 22.
Ng4 dxc4 23. Nxc4 f3 24. gxf3 h5 25. Ncxe5 Nxe5 26. Nxe5 Qg5+ 27. Ng4 hxg4 28.
fxg4 Rf4 29. f3 c5 30. b5 Qf6 31. Qd1 Qd4+ 32. Kg2 Rd8 33. Kg3 Rf7 34. Qe2 Qxd3
35. Qxd3 Rxd3 36. Rf2 Rf8 37. a4 c4 38. a5 bxa5 39. Rxa5 c3 40. b6 Rd2 41. Rf1
c2 42. Raa1 Rfd8 0-1

[Event "AUTO-MASTER-3287"]
[Site "http://www.queenalice.com/game.php?id=1868216"]
[Date "2026.1.20"]
[Round "2"]
[White "JailtonMaster"]
[Black "rmvwoods"]
[Result "1-0"]
[WhiteElo "2202"]
[BlackElo "2035"]

1. d4 d5 2. c4 c6 3. Nc3 Nf6 4. Nf3 e6 5. Bg5 Nbd7 6. e3 Qa5 7. Bd3 Bb4 8. Qc2
Bxc3+ 9. bxc3 b5 10. c5 Qc7 11. a4 bxa4 12. Rxa4 a5 13. c4 Ba6 14. O-O h6 15.
Bf4 Qa7 16. Rxa5 Qb7 17. Rb1 Qc8 18. Rba1 O-O 19. Ne5 Qb7 20. Qa4 dxc4 21. Bxc4
Bb5 22. Bxb5 cxb5 23. Qb3 Nxe5 24. Bxe5 Nd5 25. e4 Rxa5 26. Rxa5 Ne7 27. Rxb5
Qxe4 28. h3 Nc6 29. Qf3 Qxf3 30. gxf3 Nxe5 31. dxe5 Rc8 32. Kf1 Kf8 33. Ke2 Ke7
34. Kd3 f6 35. Rb7+ Kf8 36. Kc4 fxe5 37. Kb5 g6 38. c6 h5 39. c7 Ke7 40. Kc6 1-0

[Event "AUTO-OPEN-4635"]
[Site "http://www.queenalice.com/game.php?id=1868290"]
[Date "2026.1.21"]
[Round "1"]
[White "Capixaba789"]
[Black "rmvwoods"]
[Result "1-0"]
[WhiteElo "1966"]
[BlackElo "2053"]

1. d4 d5 2. Nc3 Nf6 3. f4 Bf5 4. Nf3 Nc6 5. a3 e6 6. e3 Be7 7. Bd3 Ne4 8. Bxe4
dxe4 9. Ne5 Na5 10. O-O h5 11. b3 b5 12. Nxb5 f6 13. Qe1 c6 14. Nxc6 Nxc6 15.
Bb2 a6 16. Nc3 Kf7 17. Rd1 Bg4 18. Rd2 Bf5 19. d5 exd5 20. Nxd5 Qg8 21. Nxe7
Nxe7 22. Rd6 g5 23. Rxf6+ Ke8 24. Qa5 Bd7 25. Rxa6 Rxa6 26. Qxa6 Rh7 27. Qa8+
Kf7 28. Qxe4 Bf5 29. Qe5 g4 30. e4 Bc8 31. f5 Kf8 32. Qf4 Rf7 33. f6 Ke8 34. e5
Nd5 35. Qa4+ Kd8 36. Qd4 Be6 37. c4 Rd7 38. cxd5 Bxd5 39. Qb6+ Ke8 40. Qe3 Bxb3
41. Qf4 Bf7 42. Bc3 Qg6 43. Bb4 Qd3 44. Bd6 Qd5 45. Qh6 Rxd6 46. exd6 Qxd6 47.
Re1+ Kd8 48. Qh8+ Kc7 49. Qh6 Qd4+ 50. Kh1 Qd5 51. Qc1+ Kb6 52. Re7 Kb5 53. Qb2+
Kc6 54. Qb7+ 1-0

[Event "AUTO-OPEN-4635"]
[Site "http://www.queenalice.com/game.php?id=1868291"]
[Date "2026.1.21"]
[Round "1"]
[White "rmvwoods"]
[Black "Capixaba789"]
[Result "0-1"]
[WhiteElo "2035"]
[BlackElo "1886"]

1. e4 e5 2. Nf3 d6 3. d4 exd4 4. Nxd4 Nf6 5. Nc3 Be7 6. Bd3 Bd7 7. O-O O-O 8.
Bf4 Nc6 9. Nd5 Nxd4 10. c3 Ne6 11. Be3 Bc6 12. c4 a6 13. Qc2 Bxd5 14. exd5 Nc5
15. Bf5 Ncd7 16. b3 Ne5 17. Bg5 Nxd5 18. Bxe7 Nxe7 19. Bxh7+ Kh8 20. Be4 N7g6
21. f4 Ng4 22. Rf3 Qf6 23. Raf1 Kg8 24. f5 N6e5 25. Rg3 Qh4 26. Rh3 Qg5 27. Qb1
Nf6 28. Bxb7 Ra7 29. Be4 Neg4 30. Rff3 a5 31. Rhg3 Re8 32. Bd3 Qd2 33. Be4 Rxe4
34. h3 Re1+ 35. Qxe1 Qxe1+ 36. Rf1 Qxg3 37. Rf3 Qh2+ 38. Kf1 Qh1+ 0-1

[Event "AUTO-MASTER-3294"]
[Site "http://www.queenalice.com/game.php?id=1868518"]
[Date "2026.1.26"]
[Round "1"]
[White "Takeda"]
[Black "rmvwoods"]
[Result "1-0"]
[WhiteElo "2168"]
[BlackElo "2040"]

1. e4 e5 2. Nf3 d6 3. d4 exd4 4. Nxd4 Nf6 5. Nc3 Be7 6. Bc4 O-O 7. O-O Bg4 8. f3
c5 9. fxg4 cxd4 10. Qxd4 Nxg4 11. Nd5 Nc6 12. Qc3 Bf6 13. Nxf6+ Nxf6 14. Qf3 Ne5
15. Qb3 Nxc4 16. Qxc4 Rc8 17. Qe2 h6 18. c3 Re8 19. Qf2 Rxe4 20. Bxh6 Ng4 21.
Qxf7+ 1-0

[Event "AUTO-MASTER-3294"]
[Site "http://www.queenalice.com/game.php?id=1868519"]
[Date "2026.1.26"]
[Round "1"]
[White "rmvwoods"]
[Black "Takeda"]
[Result "1-0"]
[WhiteElo "2017"]
[BlackElo "2199"]

1. e4 g6 2. d4 Bg7 3. Nf3 d6 4. c3 Nf6 5. Bd3 O-O 6. O-O Bg4 7. h3 Bxf3 8. Qxf3
c6 9. Bf4 Nbd7 10. Nd2 a6 11. Rfe1 e5 12. Bg5 Qb6 13. Nc4 Qc7 14. Qe3 d5 15.
Nxe5 Nxe5 16. dxe5 Nxe4 17. Bxe4 dxe4 18. Qxe4 Rfe8 19. f4 b5 20. Qf3 Re6 21.
Rad1 Rae8 22. Bh4 Qa5 23. a3 Qb6+ 24. Kh1 Qc7 25. Bg3 Rd8 26. Bh4 Rxd1 27. Rxd1
h6 28. Bd8 Qc8 29. g3 c5 30. Ba5 Qc6 31. Qxc6 Rxc6 32. Rd6 1-0

[Event "AUTO-MASTER-3295"]
[Site "http://www.queenalice.com/game.php?id=1868899"]
[Date "2026.2.4"]
[Round "1"]
[White "chessman"]
[Black "rmvwoods"]
[Result "1-0"]
[WhiteElo "2029"]
[BlackElo "2030"]

1. e4 e5 2. Nf3 d6 3. d4 exd4 4. Bc4 Be6 5. Bxe6 fxe6 6. Nxd4 e5 7. Nf3 Nf6 8.
Nc3 Nc6 9. O-O Be7 10. Bg5 Qd7 11. Re1 O-O-O 12. a4 h6 13. Be3 Kb8 14. Rb1 g5
15. b4 a5 16. b5 Na7 17. Bxa7+ Kxa7 18. Nd5 b6 19. Nxf6 Bxf6 20. Qd5 g4 21. Nd2
h5 22. Rb3 h4 23. Rc3 Bg5 24. Rc6 g3 25. f3 gxh2+ 26. Kxh2 h3 27. g3 Rdf8 28.
Rf1 Rf7 29. Nc4 Rhh7 30. Nxa5 Qc8 31. Nc4 Qb7 32. Nb2 Be3 33. Nd3 Bd4 34. c3 Be3
35. Nb4 Rfg7 36. a5 bxa5 37. Ra6+ Kb8 38. Nc6+ Kc8 39. Qe6+ 1-0

[Event "AUTO-MASTER-3295"]
[Site "http://www.queenalice.com/game.php?id=1868900"]
[Date "2026.2.4"]
[Round "1"]
[White "rmvwoods"]
[Black "chessman"]
[Result "1-0"]
[WhiteElo "2008"]
[BlackElo "2075"]

1. e4 e6 2. d4 d5 3. e5 c5 4. c3 Nc6 5. Nf3 Qb6 6. Be2 cxd4 7. cxd4 Nge7 8. b3
Nf5 9. Be3 Nxe3 10. fxe3 Bb4+ 11. Kf2 O-O 12. Rf1 f6 13. a3 fxe5 14. axb4 e4 15.
Kg1 exf3 16. Rxf3 Rxf3 17. Bxf3 Nxb4 18. Nd2 Bd7 19. Rc1 e5 20. Nf1 exd4 21.
Qxd4 Qxd4 22. exd4 Bc6 23. Ne3 Re8 24. Rc3 a5 25. Kf2 b5 26. Rxc6 Nxc6 27. Bxd5+
Kf8 28. Bxc6 Rb8 29. d5 Ke7 30. Nf5+ Kf6 31. Nd6 Ke5 32. Nxb5 Rb6 33. Ke3 g5 34.
Kd3 h5 35. Kc4 Rb8 36. d6 Ke6 37. d7 g4 38. g3 Ke7 39. Kc5 Kd8 40. Nd4 Ke7 41.
Ba4 1-0

[Event "AUTO-OPEN-4638"]
[Site "http://www.queenalice.com/game.php?id=1869100"]
[Date "2026.2.10"]
[Round "1"]
[White "rmvwoods"]
[Black "Tonto"]
[Result "0-1"]
[WhiteElo "2053"]
[BlackElo "2007"]

1. e4 e5 2. Nf3 d6 3. d4 exd4 4. Nxd4 c5 5. Bb5+ Bd7 6. Bxd7+ Nxd7 7. Nf5 Ngf6
8. Nc3 g6 9. Nxd6+ Bxd6 10. Qxd6 Qa5 11. O-O O-O-O 12. Bf4 Rhe8 13. Nb5 Ne5 14.
Qxf6 Qxb5 15. Bxe5 c4 16. Bc3 Rd7 17. Rfe1 h5 18. Rad1 Rde7 19. h3 Qc5 20. a3
Qc7 21. Qf3 a6 22. Bf6 Re6 23. e5 Qa5 24. Rd4 Qxe1+ 0-1

[Event "AUTO-OPEN-4627"]
[Site "http://www.queenalice.com/game.php?id=1869469"]
[Date "2026.2.18"]
[Round "2"]
[White "rmvwoods"]
[Black "josebaron"]
[Result "1/2-1/2"]
[WhiteElo "2027"]
[BlackElo "2178"]

1. e4 e5 2. Nf3 Nc6 3. d4 exd4 4. Nxd4 d6 5. Nxc6 bxc6 6. Bd3 Nf6 7. O-O Be7 8.
Re1 O-O 9. b3 Re8 10. Bb2 a5 11. Nd2 Ng4 12. h3 Ne5 13. Nf3 Nxd3 14. cxd3 Bf6
15. Qc2 Bxb2 16. Qxb2 c5 17. Rac1 a4 18. bxa4 Rxa4 19. a3 Ra8 20. Ra1 h6 21. a4
Ba6 22. Qc3 Re6 23. e5 Bb7 24. a5 Bxf3 25. gxf3 Qg5+ 26. Kf1 Rxe5 27. Rxe5 Qxe5
28. Qxe5 dxe5 29. a6 f6 30. a7 Kf7 31. Ke2 h5 32. Kd2 Ke6 33. Kc3 Kd5 34. Ra6 h4
35. Ra4 g5 1/2-1/2

[Event "AUTO-OPEN-4627"]
[Site "http://www.queenalice.com/game.php?id=1869470"]
[Date "2026.2.18"]
[Round "2"]
[White "josebaron"]
[Black "rmvwoods"]
[Result "1-0"]
[WhiteElo "2182"]
[BlackElo "2033"]

1. e4 e6 2. Nf3 d5 3. exd5 exd5 4. d4 Nf6 5. Be2 Be7 6. O-O O-O 7. Nc3 Be6 8.
Bg5 Ne4 9. Bxe7 Qxe7 10. Nxe4 dxe4 11. Nd2 f5 12. c4 Nd7 13. Qb3 b6 14. a4 Nf6
15. d5 Bd7 16. h3 Kh8 17. f4 e3 18. Nf3 Nh5 19. Ne5 Ng3 20. Qxe3 Nxe2+ 21. Qxe2
Rae8 22. Qd3 Qc5+ 23. Kh1 Bc8 24. a5 Qb4 25. axb6 axb6 26. b3 h6 27. Ng6+ Kh7
28. Nxf8+ Rxf8 29. Ra8 g6 30. Rfa1 Bd7 31. Rxf8 Qxf8 32. Qe3 Qd8 33. Re1 1-0

[Event "AUTO-MASTER-3286"]
[Site "http://www.queenalice.com/game.php?id=1869717"]
[Date "2026.2.24"]
[Round "2"]
[White "rmvwoods"]
[Black "JailtonMaster"]
[Result "0-1"]
[WhiteElo "2040"]
[BlackElo "2214"]

1. e4 e5 2. Nf3 Nc6 3. Bc4 Bc5 4. O-O Nf6 5. d3 O-O 6. Bg5 h6 7. Bh4 d6 8. h3
Be6 9. Nbd2 a6 10. Bxe6 fxe6 11. c3 d5 12. Qb3 Qd6 13. Rad1 b5 14. c4 bxc4 15.
dxc4 Rab8 16. Qc2 d4 17. Bg3 Nh5 18. Bh2 d3 19. Qc1 Nf4 20. h4 Ne2+ 0-1

[Event "AUTO-MASTER-3286"]
[Site "http://www.queenalice.com/game.php?id=1869718"]
[Date "2026.2.24"]
[Round "2"]
[White "JailtonMaster"]
[Black "rmvwoods"]
[Result "1-0"]
[WhiteElo "2210"]
[BlackElo "2026"]

1. d4 d5 2. c4 Nf6 3. Nc3 c6 4. Nf3 e6 5. Bg5 dxc4 6. e4 Be7 7. Bxc4 b5 8. Bd3
Nbd7 9. O-O Bb7 10. a3 h6 11. Bh4 g5 12. Bg3 Nh5 13. Be5 f6 14. Bg3 Nxg3 15.
fxg3 Qb6 16. Bc2 Kf7 17. Ne5+ Nxe5 18. Kh1 Nc4 19. Qh5+ Kg7 20. e5 f5 21. Rxf5
exf5 22. Bxf5 c5 23. e6 1-0